La libertad como fundamento del ser /

El hombre está condenado a ser libre. El hombre está condenado a perder su libertad. Dialéctica del grupo. El grupo en fusión. El juramento en tanto cosa. La traslucidez de la praxis. La nada es el fundamento del ser. El Prólogo a Los condenados de la tierra. Europa ya no es sujeto, es objeto. Sartr...

Descripción completa

Guardado en:
Autor Principal: Feinmann, José Pablo
Autor Corporativo: Canal Encuentro.
Formato: Deslizar
Publicado: Argentina, 2009
Series:Filosofía aquí y ahora - Temporada 2
Materias:
Acceso en línea:https://www.educ.ar/recursos/50239/la-libertad-como-fundamento-del-ser
Etiquetas: Agregar Etiqueta
Sin Etiquetas, Sea el primero en etiquetar este registro!
LEADER 01491ngm a22002775g 4500
001 CEM.cems023365
008 130507s2009##################0###0#####d
005 20250328171445.0
245 1 0 |a La libertad como fundamento del ser /  |c José Pablo Feinmann. 
260 |a Argentina,  |c 2009 
300 |a 28'. 
490 0 |a Filosofía aquí y ahora - Temporada 2 
500 |a Consultar en ventanilla. 
538 |a Soporte: DVD - Color: Si - Grabación DRD 
520 |a El hombre está condenado a ser libre. El hombre está condenado a perder su libertad. Dialéctica del grupo. El grupo en fusión. El juramento en tanto cosa. La traslucidez de la praxis. La nada es el fundamento del ser. El Prólogo a Los condenados de la tierra. Europa ya no es sujeto, es objeto. Sartre le quita a Europa el sujeto y lo pone en el Tercer Mundo. El colonizador y el colonizado. Qué ocurre cuando un colonizado mata a un colonizador. La descolonización y los mercenarios franceses. Sartre, Fanon y su influencia en la militancia argentina de los años 70. 
590 |a Identificación anterior registrada en SIABUC: D62B 
100 1 |a Feinmann, José Pablo 
710 2 |a Canal Encuentro. 
082 1 0 |/ FEI-2 
653 |a FILOSOFIA 
653 |a FILOSOFIA AQUI Y AHORA 
653 |a FEINMANN 
653 |a SARTRE 
653 |a LIBERTAD 
856 |u https://www.educ.ar/recursos/50239/la-libertad-como-fundamento-del-ser 
859 |a CEMS  |b BIB. CEMS - Depto. Recursos Didacticos  |h 100  |i FEI-2  |k DRD  |p 2008.15  |t Ej.1